Szczegóły MARC21

Ogólnopolska konferencja naukowa "Lextra '89" nt. Taryfy transportowe w dobie reformowania gospodarki narodowej /

003 -Nazwa inst., której nr kontr. jest w polu 001 [,]
    • @
    • Nazwa instytucji, której n kontrolny jest w polu 001
    • NUKAT
005 -DATA I CZAS OSTATNIEJ MODYFIKACJI [,]
    • @
    • pole kontrolne
    • 20241231105029.0
040 -Instytucja sporządzająca opis [ , ]
    • a
    • Instytucja, która sporządziła opis (NP)
    • KR U/maj
    • c
    • Instytucja, która sporządziła rekord (NP)
    • KR U/maj
    • d
    • Instytucja, która zmodyfikowała rekord (P)
    • KR U/KNs
942 -Rodzaj dokumentu [ , ]
    • c
    • Rodzaj dokumentu
    • Książka
111 -Hasło główne - nazwa imprezy [2, ]
    • a
    • Nazwa imprezy (NP)
    • Lextra '89 Find
    • d
    • Data imprezy (NP)
    • (1989 ;
    • c
    • Miejsce imprezy (NP)
    • Szczecin).
    • 9
    • KHW
    • 539336
245 -Strefa tytułu i oznaczenia odpowiedzialności [1,0]
    • a
    • Tytuł
    • Ogólnopolska konferencja naukowa "Lextra '89" nt. Taryfy transportowe w dobie reformowania gospodarki narodowej / Find
    • c
    • Pozostałe elementy strefy tytułu i oznaczenia odpowiedzialności (NP)
    • [red. nauk.: Zbigniew Pietniewicz] ; Polskie Towarzystwo Ekonomiczne. Oddział Wojewódzki w Szczecinie, Zakład Prawa Transportowego Uniwersytetu Szczecińskiego.
246 -Wariant tytułu [3,0]
    • a
    • Tytuł (NP)
    • Taryfy transportowe w dobie reformowania gospodarki narodowej
260 -Strefa adresu wydawniczego [ , ]
    • a
    • Miejsce wydania (P)
    • Szczecin :
    • b
    • Nazwa wydawcy (P)
    • Polskie Towarzystwo Ekonomiczne. Oddział Wojewódzki :
    • b
    • Nazwa wydawcy (P)
    • Uniwersytet Szczeciński,
    • c
    • Data wydania (P)
    • 1989.
300 -Strefa opisu fizycznego [ , ]
    • a
    • Określenie formy książki i/lub objętość (NP)
    • 222 s. ;
    • c
    • Format (NP)
    • 21 cm.
336 -Typ zawartości [ , ]
    • a
    • Termin opisujący typ zawartości
    • Tekst
    • b
    • Kod określający zawartość
    • txt
    • 2
    • Źródło (terminu i kodu)
    • rdacontent
337 -Typ mediów [ , ]
    • a
    • Tryb odtwarzania
    • Bez urządzenia pośredniczącego
    • b
    • Kod typu mediów
    • n
    • 2
    • Źródło (terminu i kodu)
    • rdamedia
338 -Typ/rodzaj nośnika [ , ]
    • a
    • Hasło opisujące typ nośnika
    • Wolumin
    • b
    • Kod typu nośnika
    • nc
    • 2
    • Źródło (terminu i kodu)
    • rdacarrier
080 -Uniwersalna Klasyfikacja Dziesiętna [ , ]
    • a
    • Symbol klasyfikacji
    • 656.03(061.3)
650 -Hasło przedmiotowe [ ,7]
    • a
    • Hasło przedmiotowe
    • Transport
    • x
    • Określnik rzeczowy
    • taryfy
    • v
    • Określnik formalny
    • konferencje.
    • 2
    • Źródło terminu
    • kaba
    • 9
    • KHW
    • 539534
980 -Symbol UKD [ , ]
    • a
    • UKD
    • 656.03(061.3)
700 -Hasło dodatkowe - nazwa osobowa [1, ]
    • a
    • Nazwa osobowa (NP)
    • Piętniewicz, Zbigniew Find
    • d
    • Daty biograficzne (NP)
    • (1930-2005).
    • e
    • Określenie rodzaju współpracy
    • Red.
    • 9
    • KHW
    • 539337
Sygnatura Status udost. Numer inwentarzowy Lokalizacja Data inwentaryzacji
 -2E.58738BE1999-01-28
TS.67813-3TS.67813T1999-01-28
TS.67814-3TS.67814T1999-01-28